Normal view
MARC view
Entry Personal Name
001 - CONTROL NUMBER
- control field: 30362
003 - CONTROL NUMBER IDENTIFIER
- control field: ARRUPE
005 - DATE AND TIME OF LATEST TRANSACTION
- control field: 20170503113400.0
008 - FIXED-LENGTH DATA ELEMENTS
- fixed length control field: 170503|| aca||aabn | a|a d
040 ## - CATALOGING SOURCE
- Original cataloging agency: ARRUPE
- Transcribing agency: ARRUPE
100 ## - HEADING--PERSONAL NAME
- Personal name: Newitt, M. D. D.
670 ## - SOURCE DATA FOUND
- Source citation: Work cat.: (ARRUPE)12719: Newitt, M. D. D., Portuguese settlement on the Zambesi :, 1973.